000 00495nam a22001937a 4500
003 OSt
005 20140310181942.0
008 130724t xxu||||| |||| 00| 0 eng d
020 _a1853261718
050 _aPR 4149.B4
_b.N458 1995
082 _aCLA N36w
_b1995
100 _aNesbit, E.
_93327
245 _aThe Wouldbegoods /
_cE. Nesbit
260 _aDenmark:
_bWordsworth Editions Ltd,
_cc1995.
300 _a256 p.
_c18 cm.
541 _j1
562 _e1
942 _2lcc
_cBBK
_kCLA
999 _c7689
_d7689